LEADER 01269nam a2200289 i 4500 001 000000188530 003 CaOOAMICUS 005 20100413000000.0 008 100413s1969 it u000 u ita u 013 $a166721 040 $aSeMil$bita 240 13$aLe mystère de Pasques.$0(OLS)http://semarc/title/271320 245 13$aIl mistero pasquale /$ca cura di A. Hamman e F. Quéré-Jaulmes. 260 $aBrescia :$bQueriniana,$c1969. 300 $a333 p. ;$c20 cm. 490 0 $aBibbia e liturgia ;$v12 500 $aIn testa al front : Padri della Chiesa. - Contiene : Bibliografia. 650 4$aPasqua - Meditazioni.$0(OLS)http://semarc/subject/2070 650 4$aPadri della Chiesa - Pasqua.$0(OLS)http://semarc/subject/35477 700 1 $aQuéré-Jaulmes, France.$0(OLS)http://semarc/name/24225 700 1 $aHamman, Adalbert-Gautier,$c.$0(OLS)http://semarc/name/5498 830 0$aBibbia e liturgia ;$v12.$0(OLS)http://semarc/title/425747 850 $aSeMil 852 $aSeMil$W1$xVenegono$y1$m3K II 538$j139169$B139169$CSeMilBibl$Z2$F150769 $81 961 $aRecupero: Seminario di Seveso 996 $6245$aIl mistero pasquale$9(OLS)http://semarc/title/107604 996 $6260$aBrescia :$bQueriniana$9(OLS)http://semarc/publisher/29615 LEADER 01080nam a2200241 i 4500 001 000000070470 003 CaOOAMICUS 005 20241209140717.0 008 080820s1975 gw u000 u ger u 013 $a41642 020 $a3-7728-0536-1 040 $aSeMil$bita 100 1 $aGatzemeier, Matthias <1937- >.$0(OLS)http://semarc/name/8903 245 10$aWissenschafts- und Institutionenkritik /$cMatthias Gatzemeier. 260 $aStuttgart-Bad Cannstatt :$bFrommann-Holzboog,$c1975. 300 $a251 p. ;$c21 cm. 773 0 $aGatzemeier, Matthias <1937- >$tTheologie als Wissenschaft?.$dStuttgart-Bad Cannstatt : Frommann-Holzboog, 1974-1975.$kProblemata$g2$w()19942 850 $aSeMil 852 $aSeMil$W1$xVenegono$y1$m2P II 380$j36623$B36623$CSeMilBibl$Z2$F36626 $81 996 $6020$a3-7728-0536-1$9(OLS)http://semarc/number/49238 996 $6245$aWissenschafts- und Institutionenkritik$9(OLS)http://semarc/title/113163 996 $6260$aStuttgart-Bad Cannstatt :$bFrommann-Holzboog$9(OLS)http://semarc/publisher/30371